000 00649nam a2200241Ia 4500
003 OSt
005 20221007071058.0
006 a|||||r|||| 00| 0
007 ta
008 221006b |||||||| |||| 00| 0 eng d
024 _a17,274
037 _cTextual
040 _aFLL
_cFLL
_beng
041 _2eng
_aeng
082 _aXM55:8:Z2, H5
100 _aKhanna A.N. Au.
245 0 _aCompany officers
260 _aLahore
_bSant printing press India
_c1945
300 _a230p
_ccm.
700 _a Chopra S.P. Au.
_9688092
942 _hXM55:8:Z2, H5
_cTEXL
_2CC
999 _c1142381
_d1142381